Estatísticas para Sete Categorias - Desporto I

Clique aqui para jogar o quiz

Estatísticas Gerais

  • Esse quiz foi jogado 41 vezes
  • A pontuação média é 6 de 20

Estatísticas das Respostas

QuestãoResposta% Correto
Em que cidade se encontra o Estádio de Wembley?Londres
97%
Em que desporto se destacou Pau Gasol?Basquetebol
61%
Que país tem o maior número de participações no Mundial de Futebol sem nunca ter vencido?México
55%
Que nº1 masculino ganhou 17 títulos de singles em Grand Slam, incluindo 8 no Open da Austrália?Novak Djokovic
55%
Que piloto levou o seu sétimo título mundial depois de ganhar o Grande Prémio da Turquia de 2020?Lewis Hamilton
52%
Que país venceu mais vezes a competição masculina de hóquei no gelo nos Jogos Olímpicos?Canadá
48%
Que jogador marcou mais golos no Mundial de Futebol de 2018?Harry Kane
48%
O que é Zabivaka, a mascote da FIFA 2018 na Rússia?Lobo
36%
Sílvio Berlusconi foi o presidente de que equipa de futebol entre 1986 e 2004?AC Milan
33%
Mais de 75% das bolas de futebol do mundo são fabricadas em que país?Paquistão
27%
Em 1972, Bobby Fischer tornou-se Campeão Mundial de Xadrez depois de derrotar Boris Spassky num jogo de alto nível realizado em que a capital europeia?Reykjavik
18%
Que termo francês é usado por um arbitro em esgrima para dar a ordem de retomada ao combate?En Garde
15%
Qual foi a primeira cidade a receber oficialmente os Jogos Paralímpicos em 1960?Roma
15%
No ténis, que nome se dá a um set conquistado sem a perda de um único ponto?Golden Set
12%
A-frame, Eskimo Role, Bottom turn, Reentry e Leash são termos usados em que desporto onde Laird Hamilton se destacou?Surf
12%
Que basebolista norte-americano deu nome a uma doença que ataca o sistema nervoso, a mesma doença associada a Stephen Hawking?Lou Gehrig
9%
Em que desporto Jahangir Khan ganhou 555 jogos consecutivos entre 1981 e 1986?Squash
9%
Que estádio recebeu as primeiras Olimpíadas da Era Moderna?Estádio {Panatenaico}
3%
Com 10 medalhas olímpicas, qual é o único país a ganhar todas as suas medalhas nos Jogos Olímpicos de Inverno?Lietchenstein
3%
Que nome eram dados aos espetáculos de anfiteatro em que os protagonistas eram animais selvagens como leões, tigres e elefantes?{Venatio} ou {Bestiário}
3%

Distribuição das Pontuações

Percentil de Números Respondidos

Porcentagem de Pessoas com Cada Pontuação

Sua Pontuação Histórica

Você não jogou esse quiz